[Event "TOP 16 2010"]
[Site "Guingamp"]
[Date "2010.06.06"]
[Round "11.8"]
[White "Assad, Karine"]
[Black "Richard, Emma"]
[Result "1/2-1/2"]
[WhiteElo "2048"]
[BlackElo "2095"]
[PlyCount "113"]
[EventDate "6.??.??"]
[WhiteTeam "Noyon"]
[BlackTeam "Mulhouse Philidor"]

1. d4 Nf6 2. c4 e6 3. Nf3 c5 4. e3 d5 5. cxd5 exd5 6. Be2 Nc6 7. O-O Be7 8. Nc3
O-O 9. h3 Bf5 10. a3 c4 11. Nd2 h5 12. Bxh5 Nxh5 13. Qxh5 Qd7 14. Qd1 Rab8 15.
b4 b5 16. g4 Bd3 17. Re1 a5 18. bxa5 Nxa5 19. Nf3 Bf6 20. Bd2 Nb3 21. Ra2 Rfc8
22. Kg2 g6 23. Rh1 Bg7 24. Ne1 Nxd2 25. Qxd2 b4 26. axb4 Rxb4 27. Nxd3 cxd3 28.
Qxd3 Rb3 29. Rc1 Bf8 30. Rac2 Ba3 31. Nxd5 Qxd5+ 32. e4 Rxc2 33. exd5 Rxd3 34.
Rxc2 Rxd4 35. Rc8+ Kg7 36. Rd8 Be7 37. Re8 Bd6 38. Re2 Rxd5 39. Rc2 Rd3 40. Re2
Bb4 41. Rb2 Bc3 42. Rc2 Bf6 43. Re2 Bg5 44. Re5 Kf6 45. Ra5 Bh4 46. Ra2 Ke6 47.
Re2+ Kd5 48. Rc2 Ke4 49. Rc7 Rf3 50. Rc2 Rxf2+ 51. Rxf2 Bxf2 52. Kxf2 Kf4 53.
Kg2 g5 54. Kf2 f6 55. Kg2 Ke3 56. Kg3 Ke2 57. Kg2 1/2-1/2